Statistics for Countries with Presidential Elections in 2018

Click here to take the quiz!

General Stats

  • This quiz has been taken 25 times
  • The average score is 10 of 24

Answer Stats

Answer% Correct
BrazilBrazilian general elections of President (1st round) and National Congress will be held in October
82%
MexicoMexican general elections (President and Congress) will be held on July 1
77%
RussiaP. Grudinin and V. Zhirinovsky will try to get elected instead of President V. Putin who is currently serving his 3th term overall
73%
ColombiaThe 1st round of Colombian presidential election will be held on May 27.
64%
VenezuelaVenezuelan President will be elected by plurality in a single round of voting before April 30. President Maduro announced that certain parties are banned from participating.
59%
EgyptOut of 8 candidates, 1 is the incumbent President seeking re-election, 1 submitted his candidacy 15 minutes before the deadline, 2 are in jail, 1 is banned from Egypt and 5 have withdrawn
55%
IrelandThe presidential election of the Republic of Ireland should be held this November
50%
ParaguayPresident and Congress elections will to be held on April 22
50%
Costa RicaF. A. Muñoz and C. A. Quesada received the most votes in the 1st round
45%
ArmeniaThe country's transitioning from semi-presidential to parliamental. For the first time, the National Assembly (not popular vote) will elect a president
41%
DR of the CongoCongolese presidential election will be held on December 23, two years after the imbulent President's 2nd (final) term had expired. It is yet unknown who will run for President.
41%
FinlandIncumbent Sauli Niinistö was re-elected in the 1st round
36%
MaliMalian presidential elections will be held in Mali in 2018.
36%
AzerbaijanAzerbaijani presidential election will be held on April 11.
32%
CameroonThe Cameroonian President will be elected on October 7 by the first-past-the-post voting
32%
South SudanThe first South Sudanese general elections should have originally taken place in 2015 but were postponed until 2018 due to an alleged coup d'état attempt and ongoing conflicts
32%
CyprusIncumbent Nicos Anastasiades was re-elected in the 2nd round
27%
Czech RepublicIncumbent Miloš Zeman was re-elected in the 2nd round
27%
GeorgiaThe last Georgian direct presidential election before the function is passed on to the College of Electors will be held this October.
27%
MaldivesMaldivian presidential election will be held this November.
27%
Sierra LeonePresident, Parliament and local councils will be elected in March
27%
ZimbabweThe first Zimbabwean elections (President and both houses of Parliament) will be held since R. Mugabe's dramatic resignation. It is yet unclear how much will actually change, however.
27%
Bosnia and HerzegovinaGeneral elections will be held in Bosnia and Herzegovina on 7 October
18%
MontenegroMontenegrin presidential election will be held on April 15.
14%

Score Distribution

Percentile by Number Answered

Percent of People with Each Score

Your Score History

You have not taken this quiz